000 00430nam a2200181Ia 4500
001 11095
005 20260306161921.0
008 260306t1989||||xx |||||||||||||| ||spa||
041 _aESP
082 _a985.0074
_bP78
100 _aPortocarrero Maish, Gonzalo
_eAUT
245 0 _aEl Perú desde la escuela
260 _c1989
300 _a236 páginas :
_ccm.
650 _aGEN
654 _aCHU
942 _cLIB
_dJUS
_fJUS
_2ddc
_n
999 _c11095
_d11095